00863nam a2200277 a 4500001001300000003000900013005001700022008004100039020001000080082001500090100001800105245002900123260003700152300000900189500003500198505001000233505006900243650002100312700001600333700001800349902000800367942000700375952009400382952009400476999001500570nice12345678IN_TiNIC20260116011519.0050524s1909 lona grp 000 0 eng  ac10000a287.6bTOW aTownsend, W J aNew History of Methodism aLondonbHodder & Stoughtonc1909 a598p aincludes index and biblioraphy2 aIndex2 aIndex00gV1.tNew History of Methodism.--gV2.tNew History of M aMethodist Church1 aH B Workman1 aEayrs, George bSRS cBK 00104070aHMIbHMId2016-11-02g100.00l0o287.6 TOWp392r0000-00-00w2026-01-16yARB 00104070aHMIbHMId0000-00-00g100.00l0o287.6 TOWp393r0000-00-00w2026-01-16yARB c2207d2207